• 首页
  • 本馆介绍
  • 公告通知
  • 最新文献
  • 馆藏检索
  • 电子资源
  • 读者导购
  • 参考咨询
  • 我的图书馆
  • 登录
  • 详细信息显示
  • 放入我的书架
  • 预约/预借图书
  • 作者相关作品
  • 分类相关作品
  • 丛书相关作品
  • 出版社相关作品

书目信息

  • 表格格式
  • 工作单格式
  • 卡片格式
书名: Tecumseh and the quest for Indian leadership
作者: R. David Edmunds.
分册号:
分册名:
出版地: Boston :
 
出版社: Little, Brown
出版时间: c1984.
页数: viii, 246 p. :
开本: 20 cm.
丛书名: The Library of American biography
中图分类号:
科图分类号:
其他分类号: K71
主题词:
电子资源:
000 01134cam a2200325 a 450
001 E0740130490
005 20070712111143.89
008 830906s1984 maua b 001 0beng
010    @a83019560
020    @a0316211699 (pbk.).
035    @A(DLC) 83019560
040    @aDLC@cDLC@dDLC
043    @an-usc--
050 00 @aE99.S35@bT136 1984
082 00 @a970.004/97@aB@2 19
090    @aK71
099    @dK71@ex81
100 1  @aEdmunds, R. David@q(Russell David),@d1939-
245 10 @aTecumseh and the quest for Indian leadership / @cR. David Edmunds.
260    @aBoston :@bLittle, Brown,@cc1984.
300    @aviii, 246 p. :@bill. ;@c20 cm.
440  4 @aThe Library of American biography
500    @aIncludes index.
504    @aBibliography: p. [226]-234.
600 00 @aTecumseh,@cShawnee Chief,@d1768-1813.
650  0 @aShawnee Indians@xKings and rulers@xBiography.
650  0 @aIndians of North America@xWars@y1812-1815.
650  0 @aIndians of North America@xWars@zNorthwest, Old.
906    @a7@bcbc@corignew@d1@eocip@f19@gy-gencatlg
991    @bc-GenColl@hE99.S35@iT136 1984@p00013434529@tCopy 1@wBOOKS
    
    Tecumseh and the quest for Indian leadership / / R. David Edmunds.-Boston : : Little, Brown, , c1984.
    viii, 246 p. : : ill. ; ; 20 cm.- (The Library of American biography )
    Includes index.-Bibliography: p. [226]-234.
    
    ISBN 0316211699 (pbk.).
    
●
相关链接 在E读中查询图书 在五车中查询图书 在当当中查询图书 在豆瓣中查询图书


正题名:Tecumseh and the quest for Indian leadership     索取号:K71/x81         预约/预借

序号 登录号 条形码 馆藏地/架位号 状态 备注
1 0011873   300118735   第二样本阅览室/ [索取号:K71/x81] 在馆    
唐山师范学院图书馆 欢迎您!
大连网信软件有限公司© 版权所有